000
00275nam a2200109Ia 4500
008
190912s9999||||xx |||||||||||||| ||und||
100
_a
Raymond R.
245
0
_a
Business Data Communications and Networking
260
_a
America
_b
McGraw-Hill
_c
1999
300
_a
464
942
_c
BK
999
_c
7439
_d
7439